banner-ar

Social capital and local water management in Egypt / (Record no. 64131)

MARC details
000 -الفاتح
حقل البيانات ثابتة الطول 01327cam a22003257i 4500
005 - وقت وتاريخ اخر تعامل مع التسجيلة
رقم الضبط 20240530110716.0
008 - عناصر البيانات ثابتة الطول - معلومات عامة
حقل البيانات ثابتة الطول 170214t20162016ua ab b 001 0 eng d
017 ## - رقم الايداع القانونى
المصدر ( الهيئة المختصة) مصر. دار الكتب
020 ## - الرقم الدولى المعيارى للكتب
الرقم الدولى المعيارى للكتاب 9774167635
020 ## - الرقم الدولى المعيارى للكتب
الرقم الدولى المعيارى للكتاب 9789774167638
040 ## - مصدر الفهرسة
وكالة الفهرسة الأصلية YDXCP
لغة الفهرسة eng
وكالة النسخ YDXCP
قواعد الوصف rda
وكالة التعديل OCLCQ
-- BDX
-- BTCTA
-- CDX
-- OCLCF
-- MEAUC
-- LEILA
-- DLC
043 ## - رمز المنطقة الجغرافية
رمز المنطقة الجغرافية f-ua---
082 04 - رقم تصنيف ديوى العشرى
رقم الطبعة 21
رقم التصنيف 354.367
رقم المادة CC\D S
100 0# - المدخل الرئيسى - إسم شخصى
الإسم الشخصى Dalia M. Gouda
الدور author.
245 10 - بيان العنوان
العنوان Social capital and local water management in Egypt /
بيان المسئوليه,etc Dalia M. Gouda.
300 ## - الوصف المادى
التعداد xii, 268 pages :
تفاصيل ماديه اخرى للوعاء illustrations, maps ;
أبعاد الوعاء 24 cm
504 ## - تبصرة ببليوجرافية
تبصرة ببليوجرافية,الخ Includes bibliographical references (pages 227-257) and index.
650 #0 - المدخل الاضافى بالموضوع-مصطلح موضوعى
مصطلح موضوعي Water resources development
التقسيم الفرعي الجغرافي Egypt
التقسيم الفرعي العام History.
مصدر الرأس أو المصطلح qrmak
650 #0 - المدخل الاضافى بالموضوع-مصطلح موضوعى
مصطلح موضوعي Water resources development
التقسيم الفرعي العام Social aspects
التقسيم الفرعي الجغرافي Egypt.
مصدر الرأس أو المصطلح qrmak
650 #0 - المدخل الاضافى بالموضوع-مصطلح موضوعى
مصطلح موضوعي Social capital (Sociology)
التقسيم الفرعي الجغرافي Egypt
التقسيم الفرعي العام History.
مصدر الرأس أو المصطلح qrmak
650 #7 - المدخل الاضافى بالموضوع-مصطلح موضوعى
مصطلح موضوعي Social capital (Sociology)
مصدر الرأس أو المصطلح fast
650 #7 - المدخل الاضافى بالموضوع-مصطلح موضوعى
مصطلح موضوعي Water resources development.
مصدر الرأس أو المصطلح fast
650 #7 - المدخل الاضافى بالموضوع-مصطلح موضوعى
مصطلح موضوعي Water resources development
التقسيم الفرعي العام Social aspects.
مصدر الرأس أو المصطلح fast
651 #7 - المدخل الاضافى بالموضوع - اسم جغرافى
الاسم الجغرافي Egypt.
مصدر الرأس أو المصطلح fast
942 ## - عناصر المدخل الإضافي( كوها)
مصدر التصنيف او مخطط الترفيف Dewey Decimal Classification
Koha [default] item type كتاب
520 ## - التبصرة الخاصة بالتعليق أو التلخيص
ملخص,الخ Water resources development; Egypt; social aspects; history.
655 #7 - مصطلح تكشيفى-نوع/شكل
بيانات النوع/ الشكل أو المصطلح الأساسي History.
مصدر المصطلح fast
906 ## - عنصر بيانات محلى F, LDF (RLIN)
a 7
b cbc
c copycat
d 2
e ncip
f 20
g y-gencatlg
Holdings
حالة التراجع حالة الفقد حالة تلف ليس للاعارة المكان المؤقت الموقع الحالى موقع الترفيف تاريخ الاكتساب اجمالي اﻻعارات رقم الطلب الباركود تاريخ اخر مشاهدة تاريخ تفعيل السعر نوع وعاء كوها
        مكتبة القاهرة الكبرى مكتبة القاهرة الكبرى   02/25/2018   354.367 CC\D S 164270 02/25/2018 02/25/2018 كتاب

Powered By

EGPV